| 000 | 00548nam a22001817a 4500 | ||
|---|---|---|---|
| 003 | CEME | ||
| 005 | 20210628202757.0 | ||
| 008 | 210125b xxu||||| |||| 00| 0 eng d | ||
| 020 | _a0-521-67044-6 | ||
| 040 | _c. | ||
| 082 | _a621.39 DAL | ||
| 100 |
_aDally, William .J Poulton, John .W _961571 |
||
| 245 | _aDigital systems engineering | ||
| 260 |
_aINDIA _bCAMBRIDGE UNIVERSITY PRESS _c1998 |
||
| 300 | _aXXIV,663 P | ||
| 650 |
_aELECTRONIC DIGITAL COMPUTERS - DESIGN AND CONSTRUCTION . DIGITAL INTEGRATED CIRCUITS _961572 |
||
| 942 |
_cBK _2ddc |
||
| 999 |
_c570980 _d570980 |
||